LEADER 01195naa a2200145 i 4500 001 000000317350 003 CaOOAMICUS 005 20180831173227.0 008 180831n it u000 u ita u 013 $a26433 040 $aSeMil$bita 100 1 $aAzzolini, Decio,$d<1623-1689>.$0(OLS)http://semarc/name/71045 245 10$aVoto dell'Eminentissimo, e Reverendissimo Signor Cardinale Decio Azzolini a nostro Signor Papa Innocenzo 11. nella causa della beatificazione del ... Roberto Bellarmino in Roma 1681. 773 0 $aGregorio : Barbarigo $tVoti degl'infrascritti eminentissimi signori cardinali B. Gregorio Barbarigo, Gieronimo Casanate, Decio Azzolini, Domenico Passionei, nella causa della beatificazione del venerabile servo di Dio cardinale Roberto Bellarmino.$bSeconda edizione incontratta e corretta, nella quale si e aggiunto la vita del Bellarmino scritta da lui medesimo ...$dIn Ferrara : si vende a Venezia all' Insegna del Demostene, 1762.$w()195869 996 $6245$aVoto dell'Eminentissimo, e Reverendissimo Signor Cardinale Decio Azzolini a nostro Signor Papa Innocenzo 11. nella causa della beatificazione del ... Roberto Bellarmino in Roma 1681$9(OLS)http://semarc/title/391319 LEADER 01363nam a2200277 i 4500 001 000000079195 003 CaOOAMICUS 005 20170404000000.0 008 170404s1985 it u000 u ita u 013 $a51432 020 $a88-14-00538-9 040 $aSeMil$bita 100 1 $aLombardia, Pedro,$d<1930-1986>.$0(OLS)http://semarc/name/89134 240 10$aLecciones de derecho canonico : introduccion : derecho constitucional. Parte general.$0(OLS)http://semarc/title/403204 245 10$aLezioni di diritto canonico :$bintroduzione : Diritto costituzionale. Parte generale /$cPedro Lombardía ; edizione italiana curata da Gaetano Lo Castro. 260 $aMilano :$bGiuffrè,$c1985. 300 $aXII, 244 p. ;$c22 cm. 650 4$aDiritto canonico - Studi.$0(OLS)http://semarc/subject/1680 650 4$aDiritto costituzionale.$0(OLS)http://semarc/subject/2526 700 1 $aLo Castro, Gaetano.$0(OLS)http://semarc/name/3375 850 $aSeMil 852 $aSeMil$W1$xVenegono$y1$m2H III 24$j230239$B44947$CSeMilBibl$Z2$F46791 $81 961 $aLascito: Coronelli don Renato 996 $6020$a88-14-00538-9$9(OLS)http://semarc/number/270429 996 $6245$aLezioni di diritto canonico :$bintroduzione : Diritto costituzionale. Parte generale$9(OLS)http://semarc/title/403203 996 $6260$aMilano :$bGiuffrè$9(OLS)http://semarc/publisher/29926